Countries ending with the letter E - Statistics

General Stats
  • This quiz has been taken 8 times
  • The average score is 11 of 14
Answers on the Map
Answers color-coded by a green-red scale on the quiz's map according to % correct below.
 
Answer Stats
Answer % Correct
Belize
100%
Cape Verde
100%
France
100%
Chile
88%
Greece
88%
Mozambique
88%
Singapore
88%
Suriname
88%
Ukraine
88%
Zimbabwe
88%
Sao Tome and Principe
75%
Sierra Leone
63%
Palestine
38%
Timor Leste
38%
No matching quizzes found
Score Distribution
Percent of People with Each Score
Percentile by Number Answered
Your Score History
You have not taken this quiz